000 00618cad a22002175a 4500
001 L159769
008 150226s2016 xxk f 000 0 eng d
035 _a(Sirsi) u159769
041 0 _aeng
100 1 _aCreasey, S.
245 0 0 _aPark that thought
260 _c2016
490 _aModus
_vMay 2016, 34-35 (2)
520 _aReports on the out-of-town retail sector and the vacancy rates as retailers consolidate their services and operations.
590 _aKA
650 2 4 _aVACANCY RATES
650 2 4 _aOUT-OF-TOWN RETAIL
651 4 _aUnited Kingdom
_y
690 _aCommercial property
_96227
942 _n0
999 _c84974
_d84974